| 000 | 00744nam a2200229Ia 4500 | ||
|---|---|---|---|
| 003 | GCL | ||
| 005 | 20240530104440.0 | ||
| 008 | 140319s9999 xx 000 0 ara d | ||
| 040 |
_aGCL / _cGCL |
||
| 082 | 0 | 4 |
_a301.31 _bخ ص |
| 100 | 1 | _aخلف الله حسن محمد | |
| 245 | 1 | 2 |
_aالصحة والبيئة فى التخطيط الطبى / _cخلف الله حسن محمد ؛ تقديم يسرى الجوهرى |
| 300 | _a328 ص | ||
| 650 | 0 | 4 | _aمصر |
| 650 | 0 | 4 | _aالبيئة |
| 650 | 0 | 4 | _aالجغرافيا الطبيعية |
| 650 | 0 | 4 | _aالبيئة والانسان |
| 650 | 0 | 4 | _aالجغرافيا البشرية |
| 650 | 0 | 4 | _aالمناخ الطبى |
| 700 | 1 |
_aيسرى الجوهرى _eمقدم |
|
| 942 |
_2ddc _cBK |
||
| 999 |
_c47774 _d47774 |
||